000
00269nam a22001337a 4500
007
9780030158933
008
180307b xxu||||| |||| 00| 0 eng d
041
_a
eng
080
_a
33
100
_a
50
101
_a
bus
245
_a
business
_c
kutz.b
942
_2
udc
_c
BK
999
_c
44257
_d
44257